Гербовете на държавите в Южна Америка - Statistics

General Stats
  • This quiz has been taken 28 times
  • The average score is 10 of 12
Answer Stats
Picture Answer % Correct
Бразилия
95%
Перу
95%
Аржентина
95%
Уругвай
95%
Парагвай
95%
Венецуела
90%
Колумбия
90%
Чили
86%
Боливия
86%
Еквадор
81%
Суринам
76%
Гаяна
62%
No matching quizzes found
Score Distribution
Percent of People with Each Score
Percentile by Number Answered
Your Score History
You have not taken this quiz